=LDR 00000nam 2200000 4500 =001 INLIS000000000034629 =005 20130612140528 =008 ***********************************ind** =035 ##$$0010-061300000034629 =041 ##$$a ind =082 ##$$a 372.1 =090 ##$$a 372.1, Sap,b =100 ##$$a Saputra, Jhoni Hadi =245 ##$$a Buku Pintar Sekolah Dasar, Jhoni Hadi Saputra, Samsul Huda ; Editor, Ipoeng =260 ##$$a 2007 $b Surabaya =300 ##$$a 674 hlm., 21 cm =650 ##$$a Pendidikan Dasar - Buku Pintar =700 ##$$a Huda, Samsul =850 ##$$a NBPNMAT =990 ##$$a 1139511395 =990 ##$$a 20902008 =990 ##$$a 01870187 =990 ##$$a 00085253 =990 ##$$a 20902008